| 000 | 00575nam a22001337a 4500 | ||
|---|---|---|---|
| 020 | _a0-590-191630 | ||
| 082 |
_a823 _bSTI/G |
||
| 100 | _aSTINE, R.L | ||
| 245 |
_aGOOSE BUMPS _bHOW I GOT MY SHRUKAN HEAD |
||
| 260 |
_aLONDDON _bSCHOLASTIC CHILDRENS BOOKS _c1997 |
||
| 300 | _a123 | ||
| 520 | _aShrunken Head: Main character Mark Rowe receives a shrunken head from his aunt, who's a scientist researching the island of Baladora, home of the long-gone Oloyan people — a tribe of head-shrinkers. He later finds out that it glows because he possesses "Jungle Magic". | ||
| 942 | _cBK | ||
| 999 |
_c7867 _d7867 |
||